000 00283nam a2200145Ia 4500
100 _aArgerich/Luis
942 _cBK
654 _aPHP 4
245 _aProfessional PHP 4
260 _bShroff Pub.
_c2002
082 _a5.1
_bARG
300 _a975
546 _aENGLISH
999 _c23600
_d23600